000 00726nam a2200229Ia 4500
003 GCL
008 140319s9999 xx 000 0 ara d
040 _aGCL /
_cGCL
082 0 4 _a301.24
_bم ش
100 1 _aمحمد سعيد فرح
245 1 0 _aالشخصية القومية /
_cمحمد سعيد فرح
260 _a[S.N] :
_bمنشاة المعارف الاسلامية
300 _a323 ص
490 _aكتب علم الاجتماع
_v0
650 0 4 _aالشخصية
650 0 4 _aالاجتماع
650 0 4 _aالقومية
650 0 4 _aعلم النفس الاجتماعى
650 0 4 _aالتغير الاجتماعى
650 0 4 _aالانثربولوجية الاجتماعية
942 _2ddc
_cBK
999 _c56008
_d56008